<?xml version="1.0" encoding="UTF-8"?>
<marc:record xmlns:marc="http://www.loc.gov/MARC21/slim">
   <marc:leader>00000nam a2200000 a 4500</marc:leader>
   <marc:datafield ind1="1" ind2=" " tag="100">
      <marc:subfield code="a">Sprenger, Reinhard K.</marc:subfield>
      <marc:subfield code="4">aut</marc:subfield>
      <marc:subfield code="e">Verfasser/-in</marc:subfield>
   </marc:datafield>
   <marc:datafield ind1=" " ind2=" " tag="653">
      <marc:subfield code="a">Arbeitsmotivation</marc:subfield>
   </marc:datafield>
   <marc:datafield ind1="0" ind2="0" tag="245">
      <marc:subfield code="a">30 Minuten für mehr Motivation</marc:subfield>
   </marc:datafield>
   <marc:datafield ind1=" " ind2="1" tag="264">
      <marc:subfield code="b">GABAL</marc:subfield>
      <marc:subfield code="c">1999</marc:subfield>
   </marc:datafield>
   <marc:datafield ind1="1" ind2=" " tag="490">
      <marc:subfield code="a">30-Minuten-Reihe</marc:subfield>
   </marc:datafield>
   <marc:datafield ind1="1" ind2=" " tag="520">
      <marc:subfield code="a">Dieses Praxisbuch strukturiert erstmals übersichtlich das Wissen über Motivation und zeigt sechs konkrete Handlungsfelder auf. Diese weisen jedem Einzelnen einen Weg zu mehr Motivation. Und der Führungskraft machen Sie deutlich, wie sie demotivierende Faktoren ausschaltet.

Lesen Sie,
- wie Sie selbstbestimmend leben, für Ihre Wahlentscheidungen Verantwortung übernehmen und Motivationen entwickeln
- warum äußere Anreize ( z.B. Prämien) nicht motivieren, sondern vielmehr die Eigenmotivation zerstören
- welche persönlichen Einstellungen und welche Rahmenbedingungen Motivation fördern</marc:subfield>
   </marc:datafield>
   <marc:datafield ind1="3" ind2=" " tag="024">
      <marc:subfield code="a">9783897490307</marc:subfield>
   </marc:datafield>
</marc:record>
